000 00300nam a22001337a 4500
008 170206b xxu||||| |||| 00| 0 eng d
020 _a9780323049504
041 _aeng
080 _27ED
_a61
100 _a3
101 _aSHM
245 _aEXPLORING MEDICAL LANGUAGE
_cANDREW ALLEN
942 _2udc
_cBK
999 _c4716
_d4716